| 000 | 00655nam a2200241 a 4500 | ||
|---|---|---|---|
| 999 |
_c12433 _d12433 |
||
| 001 | 12433 | ||
| 003 | BD-JhCC | ||
| 005 | 20220216091056.0 | ||
| 008 | 220216s19952020bg |||| |||| 000 0 eng d | ||
| 020 | _a984320101264 | ||
| 035 | _a(BD-JhCC)12433 | ||
| 040 |
_aBD-JhCC _dBD-JhCC |
||
| 041 | _aeng | ||
| 082 |
_a342.5492023 _bISL 2020 |
||
| 100 | _aIslam, Mahmudul | ||
| 245 |
_aConstitutional law of Bangladesh / _cMahmudul Islam |
||
| 250 | _a3rd ed. | ||
| 260 |
_aDhaka : _bMullick Brothers, _c2020. |
||
| 300 |
_a1140 p. : _c23 cm. |
||
| 500 | _aIncludes Index and Bibliography | ||
| 650 |
_aConstitutional law _zBangladesh |
||
| 942 |
_2ddc _cBK |
||